[Event "Coronel Pringles U2200 2nd"]
[Site "Coronel Pringles"]
[Date "2017.09.08"]
[Round "1.1"]
[White "De Leo, Andres"]
[Black "Zappettini, Gustavo"]
[Result "1-0"]
[WhiteElo "2125"]
[BlackElo "1699"]
[PlyCount "71"]
[EventDate "2017.09.08"]
[EventType "swiss"]
[EventRounds "7"]
[EventCountry "ARG"]
[SourceTitle "EXT 2024"]
[Source "ChessBase"]
[SourceDate "2023.10.10"]
[SourceVersion "1"]
[SourceVersionDate "2023.10.10"]
[SourceQuality "1"]

1. d4 Nf6 2. c4 g6 3. Nc3 Bg7 4. e4 d6 5. Bg5 0-0 6. f4 c5 7. d5 h6 8. Bh4 Nh7 9. Qd2 Qe8 10. Bd3 f5 11. Nge2 e5 12. Nb5 Qd7 13. 0-0 a6 14. exf5 gxf5 15. Nbc3 e4 16. Bc2 Qe8 17. Rae1 Nd7 18. Ng3 Ndf6 19. h3 Bd7 20. Nd1 b5 21. Ne3 Nh5 22. Nxh5 Qxh5 23. Be7 Rfc8 24. Bxd6 Bxb2 25. Be5 Bd4 26. Bxd4 cxd4 27. Qxd4 bxc4 28. Nxc4 Rxc4 29. Qxc4 Bb5 30. Qd4 Bxf1 31. Rxf1 Rd8 32. d6 Nf8 33. Bb3+ Kh7 34. Qf6 Qe8 35. Rc1 e3 36. Qxf5+ 1-0